Suicide, Gender and Socio-economic Factors: A Panel Study of 79 Counties in the Slovak Republic
Vzťah medzi mierou samovrážd v členení podľa pohlavia a sociálno-ekonomickými faktormi v Slovenskej republike. Panelové údaje 79 krajov Slovenskej republiky za obdobie rokov 1997-2019. Regresia fixných efektov a analýza citlivosti.
Salvato in:
| Autore principale: | |
|---|---|
| Altri autori: | |
| Natura: | Capitolo di libro |
| Lingua: | inglese |
| Soggetti: | |
| Tags: |
Nessun Tag, puoi essere il primo ad aggiungerne!!
|
MARC
| LEADER | 00000naa a2200000 4500 | ||
|---|---|---|---|
| 001 | 0288004 | ||
| 005 | 20240717115656.3 | ||
| 041 | 0 | |a eng | |
| 044 | |a GB | ||
| 245 | 1 | 0 | |a Suicide, Gender and Socio-economic Factors: A Panel Study of 79 Counties in the Slovak Republic |c Jakub Harman, Eva Rievajová |
| 520 | |a Vzťah medzi mierou samovrážd v členení podľa pohlavia a sociálno-ekonomickými faktormi v Slovenskej republike. Panelové údaje 79 krajov Slovenskej republiky za obdobie rokov 1997-2019. Regresia fixných efektov a analýza citlivosti. | ||
| 610 | 2 | 0 | |a štúdie |
| 610 | 2 | 0 | |a úmrtnosť |
| 610 | 2 | 0 | |a ženy |
| 610 | 2 | 0 | |a muži |
| 610 | 2 | 0 | |a nezamestnanosť |
| 610 | 2 | 0 | |a Slovensko |
| 100 | 1 | |a Harman, Jakub, 1996- | |
| 700 | 1 | |a Rievajová, Eva | |